MARC

LEADER 00000nam0a2200000 4500
001 26134
005 20231030201455.0
010 |a 5247019261 
035 |a (RuTPU)RU\TPU\book\26374 
035 |a BOOK00000291 
090 |a 26134 
100 |a 20011209d1993 m y0rusy50 ca 
101 0 |a rus 
102 |a RU 
105 |a а j 001zy 
200 1 |a Историческая и региональная геология  |e учебное пособие  |f Г. С. Январев 
210 |a Москва  |c Недра  |d 1993 
215 |a 272 с.  |c ил. 
225 1 |a Среднетехническое образование 
320 |a Список рекомендуемой литературы: с. 261 
320 |a Предм. указ.: с. 262-270. 
610 1 |a геология 
610 1 |a историческая геология 
610 1 |a региональная геология 
610 1 |a палеозоология 
610 1 |a палеоботаника 
610 1 |a докембрий 
610 1 |a палеозой 
610 1 |a СССР 
610 1 |a учебные пособия 
675 |a 55(47+57)(075.32)  |v 3 
675 |a 551.7(075.32)  |v 3 
700 1 |a Январев  |b Г. С.  |g Георгий Сергеевич 
801 0 |a RU  |b 63413507  |c 20011209  |g PSBO 
801 2 |a RU  |b 63413507  |c 20140522  |g PSBO 
942 |c BK